000 00738cam a22002411 4500
001 0000003752
005 20170406115258.0
008 750908s1962 xx 000 1 engx
010 _a 62008639
035 _9(DLC) 62008639
035 _a(OCoLC)1609166
040 _aDLC
_cOYU
_dDLC
042 _aemarc=LC PreMARC Retrospective Conversion Project
050 0 0 _aPR1134
_b.S8 1962
082 0 _a820.82
100 1 _aSypher, Wylie,
_eeditor.
245 1 0 _aEnlightened England :
_ban anthology of English literature from Dryden to Blake.
250 _aRev. ed.
260 _aNew York :
_bNorton,
_c[1962]
300 _a1356 p. :
_billus. ;
_c22 cm.
650 0 _aEnglish literature
_y18th century.
908 _a140709
999 _c3610
_d3610